Statistics for Country-State to following Capital in Alphabetical order and Back

Click here to take the quiz!

General Stats

  • This quiz has been taken 48 times
  • The average score is 9 of 19

Answer Stats

Afghanistan% Correct
{}S{aint} {Kitts} {and} {Nevis}
97%
{Ka}m{pala}
93%
{Ki}g{ali}
93%
{U}k{raine}
93%
{Ba}t{on} {Rouge}
52%
{L}u{xembourg}
52%
{Ban}g{kok}
41%
{B}r{asilia}
41%
{Br}u{nei}
38%
{}M{adison}
34%
{W}y{oming}
34%
{Ma}s{sachusetts}
31%
{An}n{apolis}
28%
{Ch}i{sinau}
28%
{Lib}y{a}
28%
{Mo}n{aco}
28%
{Mon}r{ovia}
28%
{T}u{nis}
28%
{Tu}r{key}
28%

Score Distribution

Percentile by Number Answered

Percent of People with Each Score

Your Score History

You have not taken this quiz